| 000 | 00358nam a2200133Ia 4500 | ||
|---|---|---|---|
| 008 | 230312s9999||||xx |||||||||||||| ||und|| | ||
| 082 |
_a332.1 _bINT |
||
| 245 | 0 | _aInternational Trade Finance and Foreign Exchange | |
| 260 |
_bInstitute of Bankers Pakistan _aKarachi _c2003 |
||
| 300 | _a140 | ||
| 546 | _aEng. | ||
| 650 |
_aEconomics _vCollections |
||
| 942 | _cBK | ||
| 999 |
_c2308 _d2308 |
||